00528nam a2200181Ia 450000500170000000800410001702000100005804000190006804100120008708200200009910000370011924500880015626000400024430000110028450400220029565000190031785000100033620221208102921.0131103s9999 xx 000 0 und d cRs.25 aLoreto College aEnglish a821.91bOWE-DAS aOwens, Wilfred & Sasi Bhusan Das aWilfred Owens strange Meetingb a critical study cWilfred Owen's & Sasi Bhusan Das aCalcuttabFirma KLM Pvt. Ltd.c1977 a131p.  aIncludes appendix aEnglish poetry aLCLIB